Statystyki dla Czy znasz europejskie kluby, które zdobyły potrójną koronę?

Kliknij tutaj aby rozwiązać quiz!

Ogólne statystyki

  • Ten quiz został rozwiązany 273 razy
  • Średni wynik to 4 z 5

Statystyki odpowiedzi

SezonOdpowiedź% Poprawnych
14/15FC Barcelona
96%
08/09FC Barcelona
96%
12/13Bayern München
91%
09/10Internazionale Milano
75%
98/99Manchester United
75%

Rozkład punktacji

Percentyl według liczby udzielonych odpowiedzi

Procent ludzi z każdym wynikiem

Twoja historia wyników

Nie rozwiązałeś tego quizu